000 00958nam a22003017a 4500
001 5433
003 FISKH
005 20250814143522.0
008 241206b cb ||||| |||| 00| 0 eng d
020 _a9780545109772
040 _aFISKH
_beng
_cFISKH
_dFISKH
050 _aQC981.C53
082 _a551.5
100 _aClarke, Catriona
_d(1999-)
245 _aWeather /
_cCatriona Clarke Designed by Andrea Slane Illustrated by Kuo Kang Chen
250 _aFirst printing in 2009
260 _aNew York :
_bScholastic,
_c2009.
300 _a32 pages :
_bcolor illustrations ;
_c21 cm
505 _aR
520 _aIllustrations, simple text, and dramatic photographs describe all kinds of weather, including hurricanes and tornadoes.
521 8 _a740
_bLexile
521 8 _aR
_bRaz-Plus
650 _2Non-fiction
_aWeather
650 _2Sonlight
_aChildren
700 _aChen, Kang Kuo
_dIllustrator
942 _2ddc
_cBK
_n0
999 _c5433
_d5433